LEADER 01375nam a2200265 u 4500 001 000000108230 003 CaOOAMICUS 005 20071115160911.0 008 071115s2006 it u000 u ita u 020 $a88-7524-095-7 040 $aPUL$bita$dLDB 100 1 $aNapolitano, Lucio.$0(OLS)http://pul/name/66371 245 12$aL'affidamento dei minori nei giudizi di separazione e divorzio:$bdall'affidamento esclusivo all'affidamento condiviso. Esperienze pregresse e novità legislative a confronto /$cLucio Napolitano. 260 $aTorino :$bGiappichelli,$c2006. 300 $axiv, 332 p. ;$c23 cm. 490 1 $aLinea professionale 504 $aBibliografia: p. [315]-332. 650 14$aAffidamento$xDiritto e legislazione.$0(OLS)http://pul/subject/22533 830 0$aLinea professionale.$0(OLS)http://pul/title/115977 850 $aPUL 852 $aPUL$W1$xSL Diritto e Scienze Sociali 3$y79$m346. 017 NAPLU 1$j123257$qDDC 21$B122226$CPULBib$Z2$F122226 $H105452 $82 941 1 $a9 996 $6020$a88-7524-095-7$9(OLS)http://pul/number/136226 996 $6245$aL'affidamento dei minori nei giudizi di separazione e divorzio:$bdall'affidamento esclusivo all'affidamento condiviso. Esperienze pregresse e novità legislative a confronto$9(OLS)http://pul/title/136211 996 $6260$aTorino :$bGiappichelli$9(OLS)http://pul/publisher/48244 LEADER 01072nam a2200265 i 4500 001 000000110105 003 CaOOAMICUS 005 20080226120844.0 008 080226s2008 it u100 u ita c 020 $z978-88-311-2673-1* 040 $aPUL$bita$dLDB 245 00$aCelibato e sacerdozio /$cSalvatore Cipressa (ed.) 260 $aRoma :$bCittà Nuova,$c2008. 300 $a196 p. ;$c22 cm. 490 1 $aItinerari etici ;$v06 504 $aBibliografia in nota. 650 14$aCelibato ecclesiastico e religioso.$0(OLS)http://pul/subject/5927 700 1 $aCipressa, Salvatore,$csac.,$d1961-$0(OLS)http://pul/name/48657 830 0$aItinerari etici ;$v06.$0(OLS)http://pul/title/138443 850 $aPUL 852 $aPUL$W1$xSL Religione 3$y85$m253. 2 CIPSA 1$j126096$qDDC 21$B124827$CPULBib$Z2$F124827 $H106458 $82 941 1 $a9 996 $6020$z978-88-311-2673-1*$9(OLS)http://pul/number/137188 996 $6245$aCelibato e sacerdozio$9(OLS)http://pul/title/64555 996 $6260$aRoma :$bCittà Nuova$9(OLS)http://pul/publisher/47927